| 000 | 00731nam a22002057a 4500 | ||
|---|---|---|---|
| 999 |
_c64400 _d64400 |
||
| 005 | 20210325205755.0 | ||
| 008 | s2543 th f tha d | ||
| 020 | _a9746048007 | ||
| 040 | _aNALT | ||
| 050 | _a | ||
| 090 |
_aFIC _bส988บ 2543 |
||
| 100 | 0 |
_aโสภี พรรณราย _99527 |
|
| 245 | 1 | 0 |
_aโบสีชมพู / _cโสภี พรรณราย. |
| 260 |
_aกรุงเทพฯ : _bดับเบิ้ลนายน์, _c2543 |
||
| 300 |
_a696 หน้า ; _b _c18 ซม. |
||
| 650 | 4 |
_aนวนิยาย _93785 |
|
| 850 | _aNALT | ||
| 942 |
_cFIC _2local |
||
| 998 |
_j104 _k สายฝน ดีงาม |
||